MARC

LEADER 00000nam0a2200000 4500
001 236042
005 20231101231438.0
035 |a (RuTPU)RU\TPU\book\257188 
090 |a 236042 
100 |a 20130418d1947 k y0rusy50 ca 
101 0 |a rus 
102 |a RU 
105 |a a z 001zy 
200 1 |a Атлас офицера  |f под ред. М. К. Кудрявцева 
210 |a Москва  |c Военно-топографическое управление  |d 1947 
215 |a 286 с.  |c ил. 
320 |a Алф. указ.: с. 229-285. 
606 1 |a Офицеры Советской армии и военно-морского флота  |2 stltpush  |3 (RuTPU)RU\TPU\subj\47865  |9 66774 
610 1 |a атласы 
610 1 |a военное дело 
610 1 |a географические карты 
610 1 |a военно-исторические карты 
610 1 |a географические ландшафты 
610 1 |a карты мира 
610 1 |a карты материков 
610 1 |a физические карты 
610 1 |a политические карты 
686 |a Ц4,6(2)243  |2 rubbk 
702 1 |a Кудрявцев  |b М. К.  |4 340 
801 1 |a RU  |b 63413507  |c 20130418 
801 2 |a RU  |b 63413507  |c 20130506  |g RCR 
942 |c BK